| 000 | 00358nam a22001457a 4500 | ||
|---|---|---|---|
| 003 | OSt | ||
| 005 | 20220104112729.0 | ||
| 008 | 220104b |||||||| |||| 00| 0 eng d | ||
| 020 | _a0521821037 | ||
| 040 | _cHU | ||
| 082 | _a006.693 | ||
| 100 |
_aBuss _927066 |
||
| 245 | _a3D Computer Graphics A Mathematical Introduction With Opengl | ||
| 942 |
_2ddc _cBOOKS _n0 |
||
| 999 |
_c25960 _d25960 |
||